| 000 | 03010nam0a2200481 4500 | ||
|---|---|---|---|
| 001 | RU\NLR\BIBL_A\011374242 | ||
| 005 | 20260408184717.0 | ||
| 010 |
_a978-5-00111-038-5 _92000 |
||
| 021 |
_aRU _b2017-21729 _91614 |
||
| 035 | _a(RuMoRGB)008836010 | ||
| 035 | _a(NLR Aleph) 011374242 | ||
| 090 |
_a11368628 _c11368628 |
||
| 100 | _a20170425d2017 |||y0rusy50 ca | ||
| 101 | 0 | _arus | |
| 102 | _aRU | ||
| 105 | _aacbzzz0|||0zd | ||
| 200 | 1 |
_aВеликие русские адмиралы _eМихайлов, Спиридов, Ушаков, Сенявин, Гейден, Лазарев, Нахимов, Корнилов _e[исторические очерки _fредактор-составитель: К. Д. Суворова] |
|
| 210 |
_aМосква _cОлма _d2017 _cАбрис |
||
| 215 |
_a301, [2] с. _cил., цв. ил., портр., карт. _d27 |
||
| 225 | 1 | _aИстория России | |
| 600 | 0 |
_aПетр _cимператор российский _dI _f1672 - 1725 _91224899 _3RU\NLR\AUTH\66180638 |
|
| 600 | 1 |
_aСенявин _bД.Н. _f1763 - 1831 _gДмитрий Николаевич _91618181 _3RU\NLR\AUTH\661012000 |
|
| 600 | 1 |
_aГейден _bЛ.П. _f1773 - 1850 _gЛогин Петрович _92326054 _3RU\NLR\AUTH\6601615770 |
|
| 600 | 1 |
_aЛазарев _bМ.П. _f1788 - 1851 _gМихаил Петрович _91011705 _3RU\NLR\AUTH\6667584 |
|
| 600 | 1 |
_aНахимов _bП.С. _f1802 - 1855 _gПавел Степанович _91478958 _3RU\NLR\AUTH\66628834 |
|
| 600 | 1 |
_aКорнилов _bВ.А. _f1806 - 1854 _gВладимир Алексеевич _91470824 _3RU\NLR\AUTH\66624829 |
|
| 600 | 1 |
_aСпиридов _gГригорий Андреевич _bГ.А. _f1713 - 1790 _3RU\NLR\AUTH\661062561 _91715808 |
|
| 600 | 1 |
_aУшаков _bФ.Ф. _gФедор Федорович _f1745 - 1817 _3RU\NLR\AUTH\661142339 _91875043 |
|
| 686 | 1 | _aЦ66,8(2)0-243.1д | |
| 702 | 0 |
_4570 _8rus _7ca _aПетр _cимператор российский _dI _f1672-1725 _3RU\NLR\AUTH\778862 _9118743 |
|
| 702 | 1 |
_aСуворова _bК. Д. _4220 |
|
| 702 | 1 |
_aСпиридов _bГ. А. _f1713-1790 _gГригорий Андреевич _4570 |
|
| 702 | 1 |
_4570 _8rus _7ca _aУшаков _bФ. Ф. _f1745-1817 _gФедор Федорович _3RU\NLR\AUTH\7715974 _9125619 |
|
| 702 | 1 |
_4570 _8rus _7ca _aСенявин _bД. Н. _f1763-1831 _gДмитрий Николаевич _3RU\NLR\AUTH\7795912 _978838 |
|
| 702 | 1 |
_aГейден _bЛ. П. _f1773-1850 _gЛогин Петрович _4570 |
|
| 702 | 1 |
_4570 _8rus _7ca _aЛазарев _bМ. П. _cфлотоводец _f1788-1851 _gМихаил Петрович _3RU\NLR\AUTH\7775185 _958113 |
|
| 702 | 1 |
_4570 _8rus _7ca _aНахимов _bП. С. _f1802-1855 _gПавел Степанович _3RU\NLR\AUTH\779788 _9119595 |
|
| 702 | 1 |
_4570 _8rus _7ca _aКорнилов _bВ. А. _f1806-1854 _gВладимир Алексеевич _3RU\NLR\AUTH\7754368 _937300 |
|
| 942 | _cBOOK | ||
| 980 | _aNBR | ||
| 980 | _aNB | ||